| 000 | 00508nam a2200193Ia 4500 | ||
|---|---|---|---|
| 003 | GCL | ||
| 008 | 140319s9999 xx 000 0 eng d | ||
| 040 |
_aGCL / _cGCL |
||
| 082 | 0 | 4 |
_aCC _b932.012 _bE P |
| 100 | 1 | _aEDWARDS I. E. S | |
| 245 | 1 | 0 |
_aTHE PYRAMIDS OF EGYPT / _cEDWARDS I. E. S |
| 260 |
_a[S.N] : _bPELICAN BOOK ، _c1961 |
||
| 300 | _a319 P | ||
| 650 | 0 | 4 | _aANCIENT EGYPT - HISTORY |
| 650 | 0 | 4 | _aPYRAMIDS |
| 650 | 0 | 4 | _aEGYPT - CIVILIZATION |
| 650 | 0 | 4 | _aEGYPT - ANTIQUITIES |
| 942 |
_2ddc _cBK |
||
| 999 |
_c19626 _d19626 |
||